Normal view
MARC view
Entry Topical Term
001 - CONTROL NUMBER
- control field: 12818
003 - CONTROL NUMBER IDENTIFIER
- control field: OSt
005 - DATE AND TIME OF LATEST TRANSACTION
- control field: 20191029163821.0
008 - FIXED-LENGTH DATA ELEMENTS
- fixed length control field: 191029|| aca||aabn | a|a d
040 ## - CATALOGING SOURCE
- Original cataloging agency: OSt
- Transcribing agency: OSt
150 ## - HEADING--TOPICAL TERM
- Topical term or geographic name entry element: Knowledge management system
670 ## - SOURCE DATA FOUND
- Source citation: Work cat.: (OSt): Grover, D.K. et al 12815, Decision-oriented information system for farmers: A study of Kisan call centres, Kisan knowledge management system, farmers portal and M-Kisan portal in Punjab
